[Event "Oslo Open 2016"]
[Site "Fornebu NOR"]
[Date "2016.10.04"]
[Round "6.8"]
[White "Hauge, Lars Oskar"]
[Black "Sousa, Ludy Helsio Paulo"]
[Result "1-0"]
[WhiteTitle "IM"]
[WhiteElo "2385"]
[BlackElo "2174"]
[WhiteFideId "1509276"]
[BlackFideId "1504134"]
[EventDate "2016.09.30"]

1. d4 Nf6 2. Bg5 c5 3. d5 Ne4 4. h4 Qb6 5. Nd2 Nxg5 6. hxg5 g6 7. Rb1 Bg7 8.
Ngf3 d6 9. c3 Qc7 10. Qa4+ Nd7 11. e3 a6 12. Bd3 Ra7 13. Qf4 b5 14. e4 Qb8 15.
Rh4 a5 16. Qh2 Nf8 17. Kf1 a4 18. a3 e5 19. dxe6 Bxe6 20. c4 b4 21. e5 dxe5 22.
Ne4 Nd7 23. axb4 Qxb4 24. Rd1 Qb8 25. Rxh7 Rxh7 26. Qxh7 Kf8 27. Nf6 Nxf6 28.
gxf6 Bxf6 29. Ng5 Qb3 30. Nxe6+ fxe6 31. Qh6+ Bg7 32. Qc1 Rd7 33. Be2 Rd4 34.
Re1 Qb4 35. Qc2 e4 36. Ra1 Rd2 37. Qxe4 Qxb2 38. Rb1 Rxe2 39. Qa8+ Kf7 40. Qa7+
Kg8 41. Rxb2 Rxb2 42. Qxa4 Bd4 43. Qe8+ Kg7 44. Qe7+ Kh6 45. Qf8+ Kh7 46. Qf7+
Kh6 47. Qf4+ Kg7 48. Qc7+ Kf6 49. Qd8+ Kf7 50. Kg1 Rxf2 51. Kh2 e5 52. Kh3 Rf5
53. Qd7+ Kf6 54. Qe8 Rf4 55. g3 Rf5 56. Kg4 Rf2 57. Qf8+ Ke6 58. Qg8+ Kf6 59.
Qf8+ Ke6 60. Qg7 Rf6 61. Qg8+ Ke7 62. Qa8 Re6 63. Qe4 Kf6 64. Kh4 Re7 65. Kg4
Re6 66. Qa8 Kf7 67. Qb7+ Kf6 68. Qc8 Kf7 69. Qb7+ Re7 70. Qf3+ Kg7 71. Qe4 Kf6
72. Kf3 Re6 73. Qh4+ Kg7 74. Ke4 Rf6 75. Kd5 Kf7 76. Qh7+ Ke8 77. g4 Kf8 78. g5
Rb6 79. Qc7 Rb2 80. Qd8+ Kg7 81. Qf6+ Kh7 82. Qf7+ Kh8 83. Qxg6 e4 84. Qxe4 Kg7
85. Qe6 Rf2 86. Qe4 Rf8 87. Kd6 Rf7 88. Qh4 Kg6 89. Ke6 Kg7 90. Qh6+ Kg8 91.
Qg6+ Rg7 92. Qe8+ Kh7 93. Kf5 Ra7 94. Qf8 Ra6 95. Qf7+ Kh8 96. g6 1-0

[Event "Oslo Open 2016"]
[Site "Fornebu NOR"]
[Date "2016.10.04"]
[Round "6.9"]
[White "Arvola, Benjamin"]
[Black "Kaasen, Tor Fredrik"]
[Result "0-1"]
[WhiteTitle "FM"]
[WhiteElo "2346"]
[BlackElo "1927"]
[WhiteFideId "1506536"]
[BlackFideId "1516647"]
[EventDate "2016.09.30"]

1. e4 e6 2. d4 d5 3. Nd2 h6 4. Bd3 c5 5. dxc5 Bxc5 6. Ngf3 Nf6 7. O-O O-O 8. Qe2
Nc6 9. e5 Nd7 10. Nb3 Bb6 11. c4 Bc7 12. cxd5 Ncxe5 13. Rd1 exd5 14. Nfd4 Nxd3
15. Qxd3 Ne5 16. Qc3 Bg4 17. f3 Bh5 18. Nb5 Bb6+ 19. Kh1 Re8 20. Be3 Rc8 21.
Bxb6 Qxb6 22. Qa5 Qf2 23. Qxa7 b6 24. Rf1 Qh4 25. N3d4 Nc4 26. Nf5 Qf6 27. Ng3
Bg6 28. Nc3 Ne3 29. Rfe1 h5 30. Qd7 Red8 31. Qb7 Qg5 32. Qxb6 d4 33. Nd1 Nc2 34.
f4 Qxf4 35. Rf1 Qe5 36. Nf2 Nxa1 37. Rxa1 h4 38. Nf1 Qe2 39. Kg1 Rd7 40. Rd1 d3
41. Qb5 Rdd8 42. Qg5 Qxb2 43. a4 Qd4 44. Nd2 Qxa4 45. Nf3 h3 46. gxh3 Re8 47. h4
Re2 48. h5 Rxf2 49. Kxf2 Qxd1 50. hxg6 Qe2+ 51. Kg3 Qe6 52. gxf7+ Qxf7 53. Nd4
Qd7 54. Nf5 d2 55. Ne7+ Kf7 56. Nxc8 d1=Q 57. Qf4+ Ke8 0-1

[Event "Oslo Open 2016"]
[Site "Fornebu NOR"]
[Date "2016.10.04"]
[Round "6.10"]
[White "Hansen, Torbjorn Ringdal"]
[Black "Haugli, Petter"]
[Result "0-1"]
[WhiteTitle "GM"]
[BlackTitle "IM"]
[WhiteElo "2457"]
[BlackElo "2257"]
[WhiteFideId "1501720"]
[BlackFideId "1500104"]
[EventDate "2016.09.30"]

1. e4 e6 2. d4 d5 3. Nd2 dxe4 4. Nxe4 Nd7 5. g3 b6 6. Bg2 Rb8 7. Nh3 Bb7 8. Nf4
Ngf6 9. Nxf6+ Nxf6 10. Bxb7 Rxb7 11. Qf3 Rb8 12. Be3 Bd6 13. Nd3 O-O 14. O-O-O
Nd5 15. h4 Qf6 16. Qxf6 Nxf6 17. c4 c6 18. h5 h6 19. f3 b5 20. b3 bxc4 21. bxc4
Nd7 22. Bf2 e5 23. Kc2 a6 24. Rhe1 Rfe8 25. g4 f6 26. Bg3 Re7 27. Re4 Kf7 28.
Rde1 Rbe8 29. Rb1 Rb8 30. c5 Bc7 31. Nb4 Re6 32. Nxa6 Rxb1 33. Kxb1 Ba5 34. Kc2
exd4 35. Rxd4 Ne5 36. Bxe5 Rxe5 37. Ra4 Bd8 38. Re4 Rd5 39. Rc4 Be7 40. Nb4 Rxc5
41. Rxc5 Bxc5 42. Nxc6 f5 43. Kd3 fxg4 44. fxg4 Kf6 45. Ke4 Kg5 46. Ne5 Ba3 47.
Kd5 Kf4 48. Ke6 Kg5 49. Kf7 Bb2 50. Ke6 Ba3 51. Kd5 Kf4 52. Ke6 Kg5 53. Nc4 Bc5
54. a4 Kxg4 55. a5 Kxh5 56. Kd5 Ba7 57. Ne5 g5 58. Nc6 g4 59. Ke4 Bc5 60. a6 Kh4
61. a7 Bxa7 62. Nxa7 g3 63. Nc6 g2 64. Nd4 Kg3 65. Ne2+ Kf2 66. Nf4 h5 67. Kf5
h4 68. Ke4 g1=Q 0-1

[Event "Oslo Open 2016"]
[Site "Fornebu NOR"]
[Date "2016.10.04"]
[Round "6.11"]
[White "Lillevold, Frode"]
[Black "Bracker, Frank"]
[Result "1/2-1/2"]
[BlackTitle "IM"]
[WhiteElo "2103"]
[BlackElo "2427"]
[WhiteFideId "1502913"]
[BlackFideId "24614343"]
[EventDate "2016.09.30"]

1. d4 Nf6 2. c4 e6 3. Nc3 d5 4. cxd5 exd5 5. Bg5 Be7 6. Qc2 O-O 7. e3 c6 8. Bd3
Nbd7 9. Nge2 Re8 10. O-O Nf8 11. f3 g6 12. Rad1 Ne6 13. Bh4 b6 14. Kh1 Bb7 15.
e4 Nh5 16. Bxe7 Qxe7 17. e5 c5 18. Qd2 Nxd4 19. Nxd4 cxd4 20. Nb5 Qxe5 21. f4
Qe7 22. f5 a6 23. Nxd4 Qh4 24. Qf2 Qxf2 25. Rxf2 Ng7 26. Kg1 Rac8 27. g4 Re3 28.
fxg6 hxg6 29. Rf6 b5 30. Kf2 Rce8 31. h4 Bc8 32. Be2 Rh3 33. h5 gxh5 34. gxh5
Rh2+ 35. Kg1 Nxh5 36. Rh6 Rhxe2 37. Nxe2 Bg4 38. Rxd5 Bxe2 39. Rdxh5 Bxh5 40.
Rxh5 Re2 41. Rh3 Rxb2 42. Ra3 Kg7 43. Rxa6 f6 44. a4 b4 45. Rb6 Kg6 46. a5 Kg5
47. a6 f5 48. a7 Ra2 49. Rxb4 Rxa7 50. Kf2 Ra2+ 51. Kf3 Ra3+ 52. Kf2 Ra5 53. Kg3
Ra3+ 54. Kf2 Rd3 55. Ra4 Rh3 56. Kg2 Re3 57. Kf2 Rc3 58. Rb4 Kf6 59. Ra4 Rd3 60.
Ke2 Rd5 61. Kf3 Ke5 62. Ke3 Rc5 63. Kf3 Rc3+ 64. Kf2 Rd3 65. Ke2 Rh3 66. Kf2 f4
67. Ra5+ Ke4 68. Ra4+ Kf5 69. Ra8 Rh2+ 70. Kf3 Rh3+ 71. Kf2 Rh5 72. Ra5+ Kg4 73.
Rxh5 Kxh5 1/2-1/2

[Event "Oslo Open 2016"]
[Site "Fornebu NOR"]
[Date "2016.10.04"]
[Round "6.12"]
[White "Vestby-Ellingsen, Mads"]
[Black "Djurhuus, Rune"]
[Result "0-1"]
[BlackTitle "GM"]
[WhiteElo "2084"]
[BlackElo "2413"]
[WhiteFideId "1520857"]
[BlackFideId "1500082"]
[EventDate "2016.09.30"]

1. Nf3 g6 2. e4 Bg7 3. d4 d6 4. Be2 c5 5. Nc3 cxd4 6. Nxd4 Nc6 7. Be3 Nf6 8. O-O
O-O 9. Nb3 Be6 10. f4 Qc8 11. h3 Rd8 12. Bf3 d5 13. e5 Ne4 14. Bxe4 dxe4 15. Qe2
Nb4 16. Rfd1 Qc4 17. Qf2 b6 18. Nd2 Qc6 19. Ndxe4 Rxd1+ 20. Rxd1 Nxa2 21. Nxa2
Qxe4 22. Nc3 Qc6 23. Qd2 h5 24. Nd5 Bf8 25. c3 b5 26. Nb4 Qb7 27. Qd4 a5 28. Nd3
Bf5 29. Qb6 Qxb6 30. Bxb6 Bh6 31. g3 Bxh3 32. Ra1 a4 33. b3 Bd7 34. Bc5 e6 35.
Kf2 Bc6 36. bxa4 bxa4 37. Ke3 Bb5 38. Nb4 Rc8 39. Bd4 Bf8 40. Nd3 a3 41. Nf2 Bc6
42. c4 Rb8 43. Nd3 Rb3 44. Rc1 Be7 45. Rc3 Rb1 46. c5 Rg1 47. Rxa3 Rxg3+ 48. Ke2
Kg7 49. Rb3 Be4 50. Nc1 Rxb3 51. Nxb3 Kf8 52. Ke3 Bd5 53. Na5 Bd8 54. Bc3 Ke8
55. c6 Bb6+ 56. Ke2 h4 57. Kf1 h3 58. c7 Kd7 0-1

[Event "Oslo Open 2016"]
[Site "Fornebu NOR"]
[Date "2016.10.04"]
[Round "6.13"]
[White "Stray, Gunnar"]
[Black "Derakhshani, Dorsa"]
[Result "0-1"]
[BlackTitle "WIM"]
[WhiteElo "2066"]
[BlackElo "2405"]
[WhiteFideId "1501631"]
[BlackFideId "12500330"]
[EventDate "2016.09.30"]

1. d4 f5 2. Nc3 Nf6 3. Bg5 d5 4. Bxf6 exf6 5. e3 Be6 6. Qf3 Nc6 7. a3 Qd7 8. Bb5
O-O-O 9. h4 g5 10. O-O-O a6 11. Ba4 b5 12. Nxb5 axb5 13. Bxb5 Qd6 14. c4 g4 15.
Qe2 dxc4 16. d5 Bxd5 17. e4 Bh6+ 0-1

[Event "Oslo Open 2016"]
[Site "Fornebu NOR"]
[Date "2016.10.04"]
[Round "6.14"]
[White "Wetle Hoem, Tor"]
[Black "Kovachev, Daniel Jakobsen"]
[Result "0-1"]
[BlackTitle "FM"]
[WhiteElo "1988"]
[BlackElo "2329"]
[WhiteFideId "1505335"]
[BlackFideId "1503448"]
[EventDate "2016.09.30"]

1. d4 Nf6 2. c4 g6 3. Nc3 d5 4. Qb3 dxc4 5. Qxc4 Bg7 6. Nf3 O-O 7. e4 a6 8. e5
b5 9. Qb3 Nfd7 10. Be2 c5 11. e6 c4 12. exf7+ Rxf7 13. Qd1 Nb6 14. O-O Rf8 15.
Ne5 Qc7 16. Bf3 Bb7 17. Bg4 Bc8 18. Bf3 Bb7 19. Bg4 Qd6 20. Qe2 Kh8 21. Rd1 Nc6
22. Nxc6 Bxc6 23. Be3 b4 24. d5 bxc3 25. dxc6 cxb2 26. Rab1 Qxc6 27. Rxb2 Nd5
28. Bd4 Bxd4 29. Rxd4 c3 30. Rc2 Rad8 31. Bf3 e6 32. Qe5+ Kg8 33. h4 Rf5 34. Qg3
Rc8 35. h5 Kg7 36. hxg6 hxg6 37. Be4 Rf6 38. Qe5 Qb7 39. g4 Qb1+ 40. Kg2 Rh8 41.
f3 0-1

[Event "Oslo Open 2016"]
[Site "Fornebu NOR"]
[Date "2016.10.04"]
[Round "6.15"]
[White "Kvendseth, Cornelius"]
[Black "Welling, Gerard"]
[Result "1/2-1/2"]
[BlackTitle "IM"]
[WhiteElo "1879"]
[BlackElo "2319"]
[WhiteFideId "1517309"]
[BlackFideId "1000446"]
[EventDate "2016.09.30"]

1. Nf3 d6 2. d4 Bg4 3. Bf4 Bxf3 4. exf3 Nd7 5. Bc4 Ngf6 6. O-O d5 7. Bb3 e6 8.
Re1 Be7 9. Nd2 O-O 10. Rc1 b5 11. Qe2 a6 12. c3 c5 13. dxc5 Bxc5 14. Bc2 Qb6 15.
Nb3 Bd6 16. Bxd6 Qxd6 17. Rcd1 Nb6 18. Nd4 Rfc8 19. Bb1 Na4 20. Qd2 Rab8 21. Rc1
Nb6 22. b3 Nbd7 23. f4 Rb7 24. Bd3 Nc5 25. g3 Nxd3 26. Qxd3 Rbc7 27. f3 Qa3 28.
Rc2 h5 29. f5 e5 30. Rxe5 b4 31. cxb4 Rxc2 32. Nxc2 Qxa2 33. Re2 Qb1+ 34. Kg2
Rc6 35. Rd2 Rc7 36. Ne3 Rc1 37. Qxb1 Rxb1 38. Nxd5 Nxd5 39. Rxd5 Rb2+ 40. Kh3
Rxb3 41. Ra5 Rxf3 42. Rxa6 Rxf5 43. Ra5 Rf2 44. Rxh5 Rb2 45. b5 g6 46. Rc5 Kg7
47. g4 Kf6 48. Kg3 Ke6 49. Rc6+ Kd7 50. Rb6 Ke7 51. h4 Kf8 52. Kf4 Rb4+ 53. Kg5
Kg7 54. Rb7 Rc4 55. b6 Rb4 56. h5 Rb5+ 57. Kh4 gxh5 58. gxh5 Kh6 59. Rxf7 Rxh5+
60. Kg4 Rb5 61. Rf6+ Kg7 62. Rc6 Kf7 63. Kf4 Ke7 64. Ke4 Kd7 65. Rh6 Kc8 66. Kd4
Kb7 67. Kc4 Rxb6 68. Rxb6+ Kxb6 1/2-1/2

[Event "Oslo Open 2016"]
[Site "Fornebu NOR"]
[Date "2016.10.04"]
[Round "6.17"]
[White "Dolzhykova, Kateryna"]
[Black "Olsen, Ulrik"]
[Result "1-0"]
[WhiteTitle "WIM"]
[WhiteElo "2267"]
[BlackElo "1871"]
[WhiteFideId "14113414"]
[BlackFideId "1510541"]
[EventDate "2016.09.30"]

1. e4 e5 2. Nf3 Nc6 3. Nc3 Nf6 4. d4 exd4 5. Nxd4 Bb4 6. Nxc6 bxc6 7. Bd3 O-O 8.
O-O d5 9. exd5 cxd5 10. Bg5 c6 11. Qf3 Be7 12. Rfe1 h6 13. Bxh6 gxh6 14. Qe3 Ne4
15. Nxe4 Bg5 16. Nxg5 Qxg5 17. Qxg5+ hxg5 18. Re5 f6 19. Re7 Rf7 20. Rae1 Kg7
21. Re8 Bb7 22. b4 Rxe8 23. Rxe8 Rc7 24. Kf1 Kf7 25. Rh8 Ke6 26. g3 a6 27. h4
gxh4 28. gxh4 c5 29. bxc5 Rxc5 30. h5 d4 31. h6 Rh5 32. h7 1-0

[Event "Oslo Open 2016"]
[Site "Fornebu NOR"]
[Date "2016.10.04"]
[Round "6.18"]
[White "Lindbol, Aleksander"]
[Black "Dahl, Trygve"]
[Result "0-1"]
[WhiteElo "1855"]
[BlackElo "2167"]
[WhiteFideId "1520644"]
[BlackFideId "1513427"]
[EventDate "2016.09.30"]

1. c4 Nc6 2. d4 Nf6 3. Nc3 e5 4. d5 Ne7 5. e4 Ng6 6. Nf3 Bc5 7. Be2 O-O 8. O-O
d6 9. Qc2 a5 10. Bd2 Bd7 11. a3 a4 12. Nd1 Qc8 13. Bb4 Nxe4 14. Bd3 f5 15. Bxe4
fxe4 16. Qxe4 Bf5 17. Qe1 Bd3 18. Bxc5 Rxf3 19. gxf3 Qh3 0-1

[Event "Oslo Open 2016"]
[Site "Fornebu NOR"]
[Date "2016.10.04"]
[Round "6.19"]
[White "Tryggestad, Andreas Garberg"]
[Black "Store, Trond"]
[Result "0-1"]
[WhiteElo "2224"]
[BlackElo "2049"]
[WhiteFideId "1513338"]
[BlackFideId "1515772"]
[EventDate "2016.09.30"]

1. d4 Nf6 2. c4 e6 3. Nf3 b6 4. g3 Ba6 5. b3 Bb4+ 6. Nbd2 Bb7 7. Bb2 Ne4 8. Rg1
O-O 9. a3 Be7 10. Nxe4 Bxe4 11. Nd2 Bb7 12. Qc2 d5 13. e3 a5 14. Bd3 g6 15. h4
a4 16. b4 dxc4 17. Nxc4 Nd7 18. h5 Bf6 19. hxg6 hxg6 20. f4 Qe7 21. Ne5 c5 22.
Ng4 Bg7 23. dxc5 bxc5 24. Bxg7 Kxg7 25. b5 Bf3 26. Qc3+ f6 27. Nh2 Bd5 28. e4
Bb3 29. Bc4 Bxc4 30. Qxc4 Nb6 31. Qc3 Rad8 32. Ke2 Rd4 33. Nf3 Rxe4+ 34. Kf2 Nd5
35. Qd2 c4 36. Nd4 0-1

[Event "Oslo Open 2016"]
[Site "Fornebu NOR"]
[Date "2016.10.04"]
[Round "6.20"]
[White "Ranaldi, Lucas"]
[Black "Nordquelle, Daniel"]
[Result "1-0"]
[WhiteElo "2176"]
[BlackElo "2013"]
[WhiteFideId "1519484"]
[BlackFideId "1519042"]
[EventDate "2016.09.30"]

1. Nf3 Nf6 2. g3 c5 3. Bg2 Nc6 4. O-O g6 5. d3 Bg7 6. e4 O-O 7. c3 d5 8. Qe2
dxe4 9. dxe4 e5 10. Rd1 Qc7 11. Na3 a6 12. Bg5 Be6 13. Nd2 b5 14. Nc2 Bg4 15.
Bf3 Bxf3 16. Nxf3 Rad8 17. Bxf6 Bxf6 18. Ne3 Ne7 19. b3 Bg7 20. c4 f5 21. Ng5
Qc6 22. Nd5 Bf6 1-0

[Event "Oslo Open 2016"]
[Site "Fornebu NOR"]
[Date "2016.10.04"]
[Round "6.21"]
[White "Rebers, Eugene"]
[Black "Larsen, Ulrik"]
[Result "1-0"]
[WhiteTitle "FM"]
[WhiteElo "2156"]
[BlackElo "1985"]
[WhiteFideId "1007556"]
[BlackFideId "1441167"]
[EventDate "2016.09.30"]

1. Nf3 d5 2. g3 c5 3. Bg2 Nf6 4. O-O Nc6 5. d3 e6 6. Nbd2 Be7 7. e4 O-O 8. Re1
Qc7 9. exd5 exd5 10. d4 Bg4 11. dxc5 Bxc5 12. Nb3 Bb6 13. Be3 Rac8 14. c3 Rfe8
15. Qd3 Rcd8 16. Nbd4 Ne4 17. Nb5 Qd7 18. Bxb6 axb6 19. Nfd4 Ne5 20. Qe3 Bh3 1-0

[Event "Oslo Open 2016"]
[Site "Fornebu NOR"]
[Date "2016.10.04"]
[Round "6.22"]
[White "Haugsrud, Hakon"]
[Black "Tolhuizen, Ludo"]
[Result "1/2-1/2"]
[WhiteElo "1969"]
[BlackElo "2148"]
[WhiteFideId "1503588"]
[BlackFideId "1000802"]
[EventDate "2016.09.30"]

1. e4 e6 2. d4 d5 3. Nc3 Nf6 4. e5 Nfd7 5. f4 c5 6. Nf3 Nc6 7. Be3 Be7 8. Qd2 a6
9. Be2 O-O 10. O-O b5 11. a3 Bb7 12. Kh1 Qc7 13. Nd1 cxd4 14. Nxd4 Rac8 15. Bd3
Nxd4 16. Bxd4 f6 17. exf6 Bxf6 18. c3 e5 19. Bg1 Nc5 20. Bc2 Kh8 21. fxe5 1/2-1/2

[Event "Oslo Open 2016"]
[Site "Fornebu NOR"]
[Date "2016.10.04"]
[Round "6.23"]
[White "Van den Bersselaar, Jeroen"]
[Black "Gronn, Eskil Ekeland"]
[Result "0-1"]
[WhiteElo "2143"]
[BlackElo "1958"]
[WhiteFideId "1006282"]
[BlackFideId "1507010"]
[EventDate "2016.09.30"]

1. d4 Nf6 2. Bg5 d5 3. e3 c6 4. Bxf6 exf6 5. c4 f5 6. Nc3 dxc4 7. Bxc4 Bd6 8.
Nf3 O-O 9. Qc2 Nd7 10. Bd3 g6 11. O-O-O Nf6 12. h4 h5 13. Kb1 Nd5 14. Nxd5 cxd5
15. Qb3 Be6 16. Ng5 Qe7 17. Rc1 a5 18. a4 Bb4 19. Rc2 Rfc8 20. Rhc1 Rxc2 21.
Rxc2 Bd7 22. Qxd5 0-1

[Event "Oslo Open 2016"]
[Site "Fornebu NOR"]
[Date "2016.10.04"]
[Round "6.24"]
[White "Nilsen, Tobias Lang"]
[Black "Djurhuus, Eivind X"]
[Result "1-0"]
[WhiteElo "1941"]
[BlackElo "2127"]
[WhiteFideId "1521624"]
[BlackFideId "1515721"]
[EventDate "2016.09.30"]

1. e4 e6 2. d4 d5 3. Nd2 h6 4. Ngf3 Nf6 5. e5 Nfd7 6. Bd3 c5 7. c3 Nc6 8. O-O g5
9. dxc5 Bxc5 10. Nb3 Bb6 11. Bb5 a6 12. Ba4 Bc7 13. Nbd4 Ncxe5 14. Nxe5 Bxe5 15.
f4 Bxd4+ 16. Qxd4 Rg8 17. fxg5 hxg5 18. Be3 Qc7 19. Qf6 1-0

[Event "Oslo Open 2016"]
[Site "Fornebu NOR"]
[Date "2016.10.04"]
[Round "6.25"]
[White "Byrne, Alex"]
[Black "Lund, Terje"]
[Result "1-0"]
[WhiteElo "1955"]
[BlackElo "2103"]
[WhiteFideId "2508788"]
[BlackFideId "1504754"]
[EventDate "2016.09.30"]

1. e4 Nf6 2. e5 Nd5 3. d4 d6 4. Nf3 dxe5 5. Nxe5 c6 6. Be2 g6 7. O-O Bg7 8. c4
Nb6 9. Nc3 N8d7 10. Nf3 O-O 11. Re1 Re8 12. a4 a5 13. Qb3 Nf8 14. Be3 Nbd7 15.
Rad1 Qc7 16. g3 Ne6 17. Ne4 b6 18. Qa3 f5 19. Neg5 Nxg5 20. Nxg5 e5 21. c5 Bf6
22. Qb3+ Kh8 23. Nf7+ 1-0

[Event "Oslo Open 2016"]
[Site "Fornebu NOR"]
[Date "2016.10.04"]
[Round "6.26"]
[White "Rishovd, Svein"]
[Black "Ingebretsen, Jens E"]
[Result "1-0"]
[WhiteElo "2101"]
[BlackElo "1925"]
[WhiteFideId "1513060"]
[BlackFideId "1522965"]
[EventDate "2016.09.30"]

1. d4 d5 2. c4 c6 3. Nf3 Nf6 4. g3 Bf5 5. Nc3 dxc4 6. Bg2 Nbd7 7. Nh4 Bg6 8.
Nxg6 hxg6 9. f4 e6 10. a3 c5 11. Bxb7 cxd4 12. Qxd4 Bc5 13. Qxc4 Qc7 14. Qa6 Rb8
15. Bf3 Rb6 16. Qd3 Rd6 17. Nb5 Qa5+ 18. Bd2 Rxd3 19. Bxa5 Rb3 20. Nc7+ Ke7 21.
Na6 Bd6 22. Nb4 e5 23. Nc6+ Ke8 24. O-O-O e4 25. Rxd6 exf3 26. exf3 Re3 27. Ne5
Rh3 28. Nxd7 Nxd7 29. Rhd1 Re7 30. R1d2 Rh5 31. Rc2 Re6 32. Rxe6+ fxe6 33. Bb4
Kd8 34. h4 e5 35. fxe5 Nxe5 36. Rd2+ Kc8 37. f4 Nc6 38. Bf8 Na5 39. Kb1 Rb5 40.
b4 Nb7 41. Bxg7 a5 42. Bc3 a4 43. Kc2 Kc7 44. Be5+ Kc6 45. Kc3 Kb6 46. Kc4 Kc6
47. g4 1-0

[Event "Oslo Open 2016"]
[Site "Fornebu NOR"]
[Date "2016.10.05"]
[Round "7.1"]
[White "Kovalenko, Igor"]
[Black "Moiseenko, Alexander"]
[Result "1-0"]
[WhiteTitle "GM"]
[BlackTitle "GM"]
[WhiteElo "2651"]
[BlackElo "2648"]
[WhiteFideId "14117908"]
[BlackFideId "14102560"]
[EventDate "2016.09.30"]

1. c4 e6 2. Nc3 d5 3. d4 Bb4 4. e3 Nf6 5. a3 Bxc3+ 6. bxc3 c6 7. Nf3 O-O 8. Be2
b6 9. O-O Ba6 10. Nd2 Nbd7 11. a4 Qc7 12. Re1 c5 13. cxd5 Bxe2 14. Qxe2 Nxd5 15.
Bb2 cxd4 16. cxd4 Qc2 17. Nf1 Qxe2 18. Rxe2 Rfc8 19. e4 Nb4 20. Rd2 Rc7 21. Rad1
Rac8 22. Ba3 Nc2 23. Bb2 Rc4 24. Rc1 Kf8 25. f3 Ke7 26. Kf2 g6 27. g4 a6 28. g5
b5 29. axb5 axb5 30. Rb1 Nb6 31. d5 exd5 32. Bf6+ Ke8 33. Rxb5 Rb4 34. Ra5 Nd7
35. Raxd5 Rb7 36. Kg3 Nb4 37. Rd6 Nc6 38. Ne3 Nd8 39. Bxd8 Rxd8 40. Ng4 1-0

[Event "Oslo Open 2016"]
[Site "Fornebu NOR"]
[Date "2016.10.05"]
[Round "7.2"]
[White "Abdumalik, Zhansaya"]
[Black "Zubov, Alexander"]
[Result "1/2-1/2"]
[WhiteTitle "WGM"]
[BlackTitle "GM"]
[WhiteElo "2389"]
[BlackElo "2606"]
[WhiteFideId "13703544"]
[BlackFideId "14109409"]
[EventDate "2016.09.30"]

1. e4 c5 2. Nf3 d6 3. d4 cxd4 4. Nxd4 Nf6 5. Nc3 Nc6 6. Bg5 Qa5 7. Bxf6 gxf6 8.
Qd2 Nxd4 9. Qxd4 Bd7 10. f4 Bg7 11. Be2 Rc8 12. g3 Qc5 13. Qxc5 Rxc5 14. f5 Bh6
15. Rd1 Bc6 16. Kf2 Kd7 17. Bd3 e6 18. Rhe1 Re5 19. Bf1 Ke7 20. Rd4 Rd8 21. Bh3
Bg5 22. Bf1 Bh6 23. Bh3 Bf8 24. Red1 Ke8 25. Kf1 Rc8 26. a4 a6 27. g4 Rc7 28.
Bg2 Bd7 29. R1d3 Rec5 30. Rh3 h6 31. Rhd3 R5c6 32. Rb4 Rc4 33. Rxc4 Rxc4 34. b3
Rc5 35. Ke2 Re5 36. Kd1 Bc6 37. Rd4 h5 38. gxh5 exf5 39. Nd5 fxe4 40. Bxe4 f5
41. Bf3 Kd7 42. c4 Ke6 1/2-1/2

[Event "Oslo Open 2016"]
[Site "Fornebu NOR"]
[Date "2016.10.05"]
[Round "7.3"]
[White "Blomqvist, Erik"]
[Black "Hauge, Lars Oskar"]
[Result "1/2-1/2"]
[WhiteTitle "GM"]
[BlackTitle "IM"]
[WhiteElo "2545"]
[BlackElo "2385"]
[WhiteFideId "1709437"]
[BlackFideId "1509276"]
[EventDate "2016.09.30"]

1. Nf3 Nf6 2. g3 g6 3. Bg2 Bg7 4. O-O O-O 5. d4 d6 6. c4 c5 7. b3 Nc6 8. Bb2
cxd4 9. Nxd4 Bd7 10. Nc3 Nxd4 11. Qxd4 Bc6 12. Nd5 Ne8 13. Qd2 Bxb2 14. Qxb2 Nc7
15. Rad1 Nxd5 16. Bxd5 Qd7 17. e4 Bxd5 18. Rxd5 Qe6 19. Re1 f6 20. Qd2 b6 21.
Kg2 Rac8 22. a4 Rc5 23. h4 Rf7 24. Re3 f5 25. exf5 Rxd5 26. Qxd5 Qxf5 27. Rf3
Qxd5 28. cxd5 Rf6 29. g4 h6 30. Rxf6 exf6 31. h5 g5 32. Kf3 f5 33. gxf5 Kg7 34.
b4 Kf6 35. Ke4 a6 36. b5 a5 37. f3 1/2-1/2

[Event "Oslo Open 2016"]
[Site "Fornebu NOR"]
[Date "2016.10.05"]
[Round "7.4"]
[White "Kaasen, Tor Fredrik"]
[Black "Chatalbashev, Boris"]
[Result "1/2-1/2"]
[BlackTitle "GM"]
[WhiteElo "1927"]
[BlackElo "2542"]
[WhiteFideId "1516647"]
[BlackFideId "2900440"]
[EventDate "2016.09.30"]

1. e4 g6 2. d4 Bg7 3. Nc3 d6 4. Be3 a6 5. a4 b6 6. h3 Bb7 7. g4 h5 8. gxh5 Rxh5
9. Nge2 Nf6 10. Ng3 Rh8 11. h4 Nc6 12. d5 Ne5 13. Be2 Bc8 14. f4 Neg4 15. Bd4
Bh6 16. O-O c5 17. dxc6 e5 18. fxe5 dxe5 19. Bxe5 Qxd1 20. Raxd1 Be3+ 21. Kg2
Nxe5 22. Rxf6 Rxh4 23. Rh1 Rxh1 24. Kxh1 Bg5 25. Nd5 Bxf6 26. Nc7+ Kd8 27. Nxa8
Nxc6 28. Nxb6 Bb7 29. c3 Be5 30. Nf1 Na5 31. Nd5 f5 32. Bf3 Nb3 33. exf5 gxf5
34. Kg2 Nc5 35. Nb6 Bc7 36. b4 Ne4 37. Nc4 Bd5 1/2-1/2

[Event "Oslo Open 2016"]
[Site "Fornebu NOR"]
[Date "2016.10.05"]
[Round "7.5"]
[White "Arnaudov, G. Petar"]
[Black "Sahl, Sheila Barth"]
[Result "1-0"]
[WhiteTitle "GM"]
[BlackTitle "WIM"]
[WhiteElo "2474"]
[BlackElo "2181"]
[WhiteFideId "2907127"]
[BlackFideId "1500953"]
[EventDate "2016.09.30"]

1. Nf3 f5 2. d4 Nf6 3. c4 e6 4. Nc3 Be7 5. Qc2 O-O 6. h3 Nc6 7. d5 Nb4 8. Qb3 a5
9. g4 Ne4 10. gxf5 exf5 11. Bf4 d6 12. a3 Na6 13. h4 Nac5 14. Qc2 Bf6 15. e3
Nxc3 16. bxc3 Ne4 17. Nd4 Bd7 18. Bd3 Qe8 19. f3 Nc5 20. Bf1 Ba4 21. Qe2 Qh5 22.
Rb1 Rae8 23. Kd2 Be5 24. Qh2 Re7 25. Rg1 h6 26. Qg3 Rfe8 27. Bh3 Bd7 28. Rbe1
Bf6 29. Qg6 Qxg6 30. Rxg6 Bxh4 31. Re2 Rf8 32. Reg2 Kh7 33. Rg1 Bf2 34. R1g2 Bh4
35. Ke2 Be8 36. Rxd6 cxd6 37. Bxd6 Ref7 38. Bxc5 Rg8 39. Bxf5+ g6 40. Be6 Rc7
41. Bxg8+ Kxg8 42. Ne6 Rc8 43. Kd3 Bf7 44. Bd4 Be7 45. e4 Bxa3 46. c5 g5 47. Ra2
Bc1 48. Rxa5 Bxe6 49. dxe6 Re8 50. Ra7 Rxe6 51. Rxb7 Bf4 52. Kc4 Kf8 53. Kd5 Ra6
54. c6 Ke8 55. Rh7 Kd8 56. c4 Ra5+ 57. Ke6 Ra6 58. Kd5 Ra5+ 59. c5 Ra3 60. e5
Ra4 61. Rxh6 Ra7 62. Rh8+ Kc7 63. Rh7+ Kb8 64. Rxa7 1-0